[Event "ICS rated blitz match"]
[Site "204.178.125.65"]
[Date "2000.10.31"]
[Round "?"]
[White "egya"]
[Black "Hossa"]
[Result "0-1"]
[WhiteElo "2003"]
[BlackElo "2603"]
[PlyCount "76"]
[EventDate "2000.??.??"]

1. e3 d5 2. b3 e5 3. Bb2 Nc6 4. Bb5 e4 5. Ne2 Bg4 6. h3 Qh4 7. O-O Bh5 8. Be5
O-O-O 9. Bxc6 bxc6 10. Qe1 c5 11. d4 exd3 12. cxd3 Re8 13. Bg3 Qf6 14. Nec3 c6
15. a4 Nh6 16. Ra2 Nf5 17. Bh2 Bd6 18. Bxd6 Nxd6 19. Rc2 Qf5 20. e4 dxe4 21.
dxe4 Qe6 22. Qe3 Qe5 23. Nd5 cxd5 24. Qxc5+ Kb8 25. Qc7+ Ka8 26. Rc5 Rc8 27.
Qa5 Qxe4 28. Nd2 Qe6 29. Rxd5 Nb7 30. Qb5 Be2 31. Re5 Bxb5 32. Rxe6 Bxf1 33.
Re7 Bd3 34. Rxf7 Rhg8 35. Nf3 Nc5 36. Nd4 Rgd8 37. b4 Rxd4 38. bxc5 g5 {
egya resigns} 0-1

[Event "ICS rated blitz match"]
[Site "204.178.125.65"]
[Date "2000.10.31"]
[Round "?"]
[White "Hossa"]
[Black "Dorky"]
[Result "1-0"]
[WhiteElo "2629"]
[BlackElo "2431"]
[PlyCount "67"]
[EventDate "2000.??.??"]

1. e4 e5 2. Nf3 d6 3. d4 Nd7 4. Bc4 c6 5. Nc3 Be7 6. dxe5 dxe5 7. O-O Ngf6 8.
a3 Qc7 9. Qe2 O-O 10. Rd1 b5 11. Ba2 Bb7 12. Ng5 h6 13. Nf3 Rfd8 14. Bd2 a5 15.
Nh4 b4 16. Qc4 bxc3 17. Qxf7+ Kh7 18. Bxh6 Rg8 19. Qxe7 Kxh6 20. Nf5+ Kg6 21.
Bf7+ Kg5 22. bxc3 g6 23. h4+ Kf4 24. g3+ Kf3 25. Rd3+ Kg4 26. Nh6+ Kh5 27. Nxg8
Rxg8 28. Bxg8 c5 29. Rxd7 Qxd7 30. Qxf6 Qf5 31. exf5 Kg4 32. Qg5+ Kf3 33. Re1
gxf5 34. Qxf5# {Dorky checkmated} 1-0

[Event "ICS rated blitz match"]
[Site "204.178.125.65"]
[Date "2000.11.06"]
[Round "?"]
[White "Hossa"]
[Black "Colorado"]
[Result "0-1"]
[WhiteElo "2536"]
[BlackElo "2668"]
[PlyCount "114"]
[EventDate "2000.??.??"]

1. e4 e5 2. Nf3 Nc6 3. d4 exd4 4. Nxd4 Bc5 5. Be3 Qf6 6. c3 Nge7 7. Bc4 Ne5 8.
Be2 d6 9. O-O Qg6 10. Nb5 Bh3 11. Bf3 O-O-O 12. Bd4 a6 13. N5a3 N7c6 14. Nc2
Rhe8 15. Nd2 Kb8 16. b4 Bxd4 17. cxd4 Nxf3+ 18. Qxf3 Qg5 19. Rfd1 Bd7 20. Qxf7
Bg4 21. Nf3 Qh6 22. Qb3 Rxe4 23. d5 Ne5 24. Nd2 Re2 25. Qc3 Rf8 26. f4 Rxf4 27.
Nd4 Ref2 28. Ne6 Bxe6 29. dxe6 Qxe6 30. Rac1 Nc6 31. Re1 Qg6 32. g3 Rf5 33. Rf1
Re2 34. Rce1 Rxf1+ 35. Rxf1 Qg4 36. Rf8+ Ka7 37. a3 Qg5 38. Rf2 Re3 39. Qc1 Rd3
40. Qc2 Rxa3 41. Nf1 Qe5 42. b5 Qxb5 43. Qxh7 Qe5 44. Qc2 Rc3 45. Qd1 Nd4 46.
Qg4 Rc1 47. Rf8 Qe3+ 48. Rf2 Re1 49. Qg6 Qe5 50. Rf7 Qd5 51. Qxg7 Re2 52. Ne3
Nf3+ 53. Kf1 Qd2 54. Qd4+ Nxd4 55. Rf2 Rxf2+ 56. Kg1 Nf3+ 57. Kh1 Rxh2# {
Hossa checkmated} 0-1

[Event "ICS rated blitz match"]
[Site "204.178.125.65"]
[Date "2000.11.06"]
[Round "?"]
[White "chessomaniac"]
[Black "Hossa"]
[Result "0-1"]
[WhiteElo "946"]
[BlackElo "2526"]
[PlyCount "40"]
[EventDate "2000.??.??"]

1. e4 c5 2. Bc4 e6 3. d3 d5 4. exd5 exd5 5. Bb3 Nf6 6. c4 dxc4 7. dxc4 Qxd1+ 8.
Kxd1 Bd6 9. Ne2 O-O 10. g3 Ng4 11. Ke1 Ne5 12. Kf1 Bh3+ 13. Ke1 Nd3+ 14. Kd2
Nxf2 15. Re1 Rd8 16. Nbc3 Bf4+ 17. Kc2 Bf5+ 18. Ne4 Bxe4+ 19. Kc3 Rd3+ 20. Kc2
Rxg3# {chessomaniac checkmated} 0-1

[Event "ICS rated blitz match"]
[Site "204.178.125.65"]
[Date "2000.11.06"]
[Round "?"]
[White "Hossa"]
[Black "Kiriks"]
[Result "1-0"]
[WhiteElo "2526"]
[BlackElo "2473"]
[PlyCount "29"]
[EventDate "2000.??.??"]

1. e4 d6 2. d4 Nf6 3. Nc3 g6 4. Bg5 h6 5. Be3 Ng4 6. Bf4 e5 7. dxe5 dxe5 8.
Qxd8+ Kxd8 9. Bg3 Bd6 10. O-O-O Ke7 11. Nd5+ Ke6 12. Bc4 b5 13. Nxc7+ Ke7 14.
Nxb5 Bc5 15. Bd5 {Kiriks resigns} 1-0

[Event "ICS rated blitz match"]
[Site "204.178.125.65"]
[Date "2000.11.06"]
[Round "?"]
[White "Hossa"]
[Black "Valg"]
[Result "0-1"]
[WhiteElo "2540"]
[BlackElo "2547"]
[PlyCount "262"]
[EventDate "2000.??.??"]

1. e4 e5 2. Nf3 Nc6 3. Bc4 Bc5 4. c3 Nf6 5. d3 d6 6. O-O O-O 7. Bb3 a6 8. Nbd2
Be6 9. Nc4 b5 10. Ne3 Qd7 11. Nd5 Bxd5 12. exd5 Na5 13. Be3 Nxb3 14. Qxb3 Rfe8
15. Bxc5 dxc5 16. Rfe1 Nxd5 17. Nxe5 Qd6 18. d4 cxd4 19. cxd4 Rad8 20. Rac1 f6
21. Nd3 c6 22. Rcd1 a5 23. Nc5 Re7 24. Qc2 Rde8 25. Re4 Rxe4 26. Nxe4 Qd8 27.
a3 Qc7 28. b3 b4 29. axb4 axb4 30. Rc1 f5 31. Ng3 f4 32. Ne4 Qd8 33. Qd3 Re6
34. Nc5 Re8 35. Ra1 Nc3 36. Kf1 Qe7 37. Qc4+ Kh8 38. Na6 Ne4 39. Qc2 Qd6 40.
Qd3 f3 41. Kg1 Nc3 42. Qxf3 Ne2+ 43. Kh1 Nxd4 44. Qd3 Qe6 45. Nc5 Qe1+ 46. Qf1
Qe5 47. Rc1 Qf5 48. Rc4 Nxb3 49. Nxb3 Qd3 50. Kg1 Qxb3 51. Rxc6 Kg8 52. Rc7 Qe6
53. Rb7 Qe4 54. Rb6 Re6 55. Rxe6 Qxe6 56. Qa1 b3 57. Qa8+ Kf7 58. Qf3+ Ke7 59.
Qb7+ Kf6 60. Qf3+ Kg5 61. Qc3 g6 62. Qg3+ Kf6 63. Qc3+ Qe5 64. Qc6+ Qe6 65.
Qc3+ Qe5 66. Qc6+ Kg7 67. Qd7+ Kf8 68. Qc8+ Kg7 69. Qd7+ Kf8 70. Qc8+ Qe8 71.
Qc3 Qf7 72. Kf1 h5 73. Qb4+ Kg8 74. Qd4 Kh7 75. Qb4 Qe6 76. h3 Qd5 77. Qe7+ Kg8
78. Qe8+ Kg7 79. Qe7+ Qf7 80. Qb4 Qe6 81. Qd4+ Kf7 82. Qf4+ Ke8 83. Qa4+ Kf7
84. Qf4+ Ke8 85. Qa4+ Kd8 86. Qb5 Kc8 87. f3 Kc7 88. Qc5+ Kd8 89. Qd4+ Ke8 90.
Qa4+ Ke7 91. Qb4+ Kf7 92. Qf4+ Ke7 93. Qb4+ Kf7 94. Qf4+ Kg7 95. Qd4+ Qf6 96.
Qa7+ Qf7 97. Qd4+ Kh7 98. Qb4 g5 99. Qb5 Kg6 100. Qd3+ Kh6 101. Qd6+ Kg7 102.
Ke1 b2 103. Qd4+ Qf6 104. Qb4 Qe5+ 105. Kd1 Kg6 106. Kd2 h4 107. Qb6+ Kf5 108.
Kd1 Qc3 109. Qb5+ Kf6 110. Qb6+ Ke7 111. Qa7+ Kf8 112. Qa8+ Kg7 113. Qb7+ Kh6
114. Qb6+ Kh5 115. Qb5 Qc1+ 116. Ke2 Qc2+ 117. Ke3 b1=Q 118. Qe8+ Qg6 119. Qh8+
Qh7 120. Qe8+ Qbg6 121. Qxg6+ Kxg6 122. Kd3 Kf6+ 123. Kd2 Qb1 124. Ke2 Qg1 125.
g4 hxg3 126. Kd3 Qf1+ 127. Kc2 g2 128. f4 Qc4+ 129. Kb2 g1=Q 130. fxg5+ Qxg5
131. Ka3 Qgc1# {Hossa checkmated} 0-1

[Event "ICS rated blitz match"]
[Site "204.178.125.65"]
[Date "2000.11.06"]
[Round "?"]
[White "Valg"]
[Black "Hossa"]
[Result "0-1"]
[WhiteElo "2558"]
[BlackElo "2524"]
[PlyCount "128"]
[EventDate "2000.??.??"]

1. e4 c5 2. Nf3 d6 3. d4 cxd4 4. Nxd4 Nf6 5. Nc3 a6 6. Bg5 e6 7. f4 Be7 8. Qf3
Qc7 9. O-O-O Nbd7 10. g4 b5 11. Bxf6 Nxf6 12. g5 Nd7 13. f5 Nc5 14. f6 gxf6 15.
gxf6 Bf8 16. Rg1 h5 17. Rg7 b4 18. Nd5 exd5 19. exd5 Bg4 20. Re1+ Kd8 21. Qf4
Kc8 22. Nc6 a5 23. Re7 Bxe7 24. fxe7 Kb7 25. Qxf7 Rae8 26. Kb1 Kb6 27. Nd4 Bd7
28. Qf3 a4 29. Qe2 b3 30. axb3 axb3 31. Nxb3 Ra8 32. Nxc5 Qxc5 33. Qf3 Kc7 34.
Qe4 Kb8 35. Qc4 Qxc4 36. Bxc4 Kc7 37. Bb5 Rae8 38. Be2 Rhg8 39. Rxg8 Rxg8 40.
Bxh5 Rh8 41. Bg6 Be8 42. Bd3 Kd7 43. b4 Rxh2 44. b5 Bf7 45. c4 Kxe7 46. Bf5 Kd8
47. Kc1 Kc7 48. Bd3 Kb6 49. Kd1 Kc5 50. Ke1 Kd4 51. Be2 Rxe2+ 52. Kxe2 Kxc4 53.
b6 Bxd5 54. Kd2 Kb5 55. Kc3 Kxb6 56. Kd4 Ba2 57. Kc3 Kc5 58. Kd3 Bc4+ 59. Ke3
d5 60. Kd2 d4 61. Ke1 d3 62. Kd2 Kd4 63. Ke1 Ke3 64. Kd1 Bb3+ {Valg resigns}
0-1

[Event "ICS rated blitz match"]
[Site "204.178.125.65"]
[Date "2000.11.06"]
[Round "?"]
[White "Hossa"]
[Black "Valg"]
[Result "0-1"]
[WhiteElo "2542"]
[BlackElo "2540"]
[PlyCount "100"]
[EventDate "2000.??.??"]

1. e4 e5 2. Nf3 Nc6 3. Bb5 a6 4. Ba4 Nf6 5. O-O Be7 6. Re1 b5 7. Bb3 O-O 8. c3
d6 9. h3 Bb7 10. d4 Re8 11. Ng5 Rf8 12. Nf3 exd4 13. cxd4 d5 14. exd5 Na5 15.
Bc2 Nxd5 16. Ne5 Re8 17. Bd2 Nb4 18. Bxh7+ Kxh7 19. Qh5+ Kg8 20. Qxf7+ Kh7 21.
a3 Qxd4 22. Bc3 Qd5 23. Qg6+ Kg8 24. axb4 Nb3 25. Ra2 Bxb4 26. Bxb4 Rxe5 27.
Rxe5 Qxe5 28. Bc3 Qe7 29. Ra3 Bd5 30. Nd2 b4 31. Rxb3 Bxb3 32. Bxg7 Qxg7 33.
Qxg7+ Kxg7 34. Nxb3 Kf6 35. g3 a5 36. Nc1 Rd8 37. Kg2 a4 38. g4 Rd2 39. h4 Rxb2
40. Kf3 a3 41. g5+ Kg7 42. h5 Rc2 43. Nb3 Rc3+ 44. Kg4 Rxb3 45. f4 a2 46. h6+
Kh7 47. f5 a1=Q 48. Kh5 Qd1+ 49. Kh4 Qd4+ 50. Kh5 Rh3# {Hossa checkmated} 0-1

[Event "ICS rated blitz match"]
[Site "204.178.125.65"]
[Date "2000.11.06"]
[Round "?"]
[White "JZInsomniac"]
[Black "Hossa"]
[Result "1-0"]
[WhiteElo "2798"]
[BlackElo "2526"]
[PlyCount "135"]
[EventDate "2000.??.??"]

1. d4 Nf6 2. c4 g6 3. Nc3 d5 4. cxd5 Nxd5 5. e4 Nxc3 6. bxc3 Bg7 7. Nf3 c5 8.
Rb1 O-O 9. Be2 cxd4 10. cxd4 Qa5+ 11. Qd2 Qxd2+ 12. Bxd2 b6 13. O-O Bb7 14. d5
Rc8 15. Bb4 Kf8 16. Rfc1 Na6 17. Ba3 Bh6 18. Rxc8+ Rxc8 19. Nd4 Nc5 20. Bg4 Ra8
21. Bxc5 bxc5 22. Nb5 Bf4 23. g3 Bb8 24. Bd7 a6 25. Nc3 Ra7 26. Bc6 Be5 27.
Rxb7 Rxb7 28. Bxb7 Bxc3 29. Bxa6 g5 30. Kg2 Kg7 31. f4 gxf4 32. gxf4 f6 33. a4
h6 34. Kf3 Bd4 35. Bd3 Bc3 36. Kg4 Ba5 37. e5 fxe5 38. fxe5 Kf7 39. Kf5 Ke8 40.
Ke6 Kd8 41. Kf7 Bd2 42. a5 Bxa5 43. d6 e6 44. Kxe6 c4 45. Bxc4 Bd2 46. Kd5 Bc3
47. e6 Bf6 48. e7+ Bxe7 49. dxe7+ Kxe7 50. Ke5 Ke8 51. h4 Kf8 52. Kf6 h5 53.
Ba2 Ke8 54. Kg7 Kd7 55. Bf7 Kd6 56. Bxh5 Ke5 57. Bd1 Kf4 58. h5 Ke3 59. Ba4 Kf3
60. h6 Kg3 61. h7 Kf4 62. h8=Q Kf5 63. Bb5 Ke5 64. Kf7+ Kf5 65. Qc3 Kg5 66. Be2
Kh4 67. Bd1 Kg5 68. Qf6# {Hossa checkmated} 1-0

[Event "ICS rated blitz match"]
[Site "204.178.125.65"]
[Date "2000.11.06"]
[Round "?"]
[White "Hossa"]
[Black "JZInsomniac"]
[Result "0-1"]
[WhiteElo "2520"]
[BlackElo "2804"]
[PlyCount "124"]
[EventDate "2000.??.??"]

1. e4 c5 2. Nf3 e6 3. d4 cxd4 4. Nxd4 Nf6 5. Nc3 d6 6. Be3 a6 7. f3 b5 8. g4 h6
9. Qd2 Nbd7 10. O-O-O Bb7 11. Nb3 b4 12. Na4 Rb8 13. Nd4 Qa5 14. b3 Nc5 15. Bc4
Nxa4 16. bxa4 Qxa4 17. Qd3 d5 18. Qb3 Qa5 19. exd5 Nxd5 20. Ne2 Nxe3 21. Qxe3
Bc5 22. Qf4 O-O 23. Kb1 Qb6 24. Rd3 e5 25. Qf5 g6 26. Qxe5 Rbe8 27. Qf4 Rxe2
28. Rd7 Re7 29. Rxe7 Bxe7 30. Qxh6 Qc6 31. Bb3 Rd8 32. h4 Bf8 33. Qf4 Qxf3 34.
Bxf7+ Kg7 35. Qxf3 Bxf3 36. Rf1 Bxg4 37. Kb2 Bf5 38. Bb3 Kh6 39. Bf7 Rd2 40.
Rc1 Rh2 41. Bd5 Rxh4 42. Kb3 Rh3+ 43. c3 Kg5 44. Bc4 a5 45. Bd5 Bg7 46. Rg1+
Kf6 47. Rc1 Ke5 48. Bg2 Rg3 49. Bh1 bxc3 50. Ka4 c2 51. Kxa5 Bh6 52. Rxc2 Bxc2
53. Kb4 Bd2+ 54. Kc5 g5 55. Bc6 Ra3 56. Bg2 g4 57. Bf1 Be4 58. Kb6 Kd6 59. Kb5
Bb7 60. Kc4 Be3 61. Bd3 Ba6+ 62. Kb4 Bc5# {Hossa checkmated} 0-1

[Event "ICS rated blitz match"]
[Site "204.178.125.65"]
[Date "2000.11.06"]
[Round "?"]
[White "Valg"]
[Black "Hossa"]
[Result "1-0"]
[WhiteElo "2555"]
[BlackElo "2515"]
[PlyCount "123"]
[EventDate "2000.??.??"]

1. e4 c5 2. Nf3 d6 3. d4 cxd4 4. Nxd4 Nf6 5. Nc3 a6 6. Bg5 e6 7. f4 Qb6 8. Nb3
Nbd7 9. Qf3 Be7 10. O-O-O Qc7 11. Bd3 b5 12. Rhe1 Bb7 13. a3 O-O 14. Qg3 Nb6
15. e5 dxe5 16. fxe5 Nh5 17. Qh4 Bxg5+ 18. Qxg5 g6 19. g4 Ng7 20. Be4 Bxe4 21.
Nxe4 Ne8 22. Kb1 Rc8 23. Re2 Qc4 24. Rd3 b4 25. Qh6 f6 26. exf6 bxa3 27. Nd6
Qxg4 28. Re1 a2+ 29. Kxa2 Qa4+ 30. Kb1 Nxf6 31. Nxc8 Rxc8 32. Rxe6 Nbd5 33. Rd4
Qb5 34. Qh4 Rf8 35. Qh3 Nb4 36. Re3 Qa4 37. Qe6+ Rf7 38. Rf3 Kg7 39. Rxf6 Rxf6
40. Rd7+ Qxd7 41. Qxd7+ Kf8 42. Qc8+ Kg7 43. Qb7+ Kh6 44. Qxb4 g5 45. Qd4 Re6
46. Nc5 Rb6 47. h4 Kh5 48. hxg5 a5 49. Ne4 Rb4 50. Qe5 Kg6 51. Qf6+ Kh5 52. Nf2
Rb6 53. Qxb6 Kxg5 54. Qe6 Kf4 55. Qf6+ Ke3 56. Nd3 Ke4 57. Qe5+ Kf3 58. Qf4+
Kg2 59. Qg4+ Kf1 60. Qf3+ Kg1 61. Nf4 a4 62. Qg2# {Hossa checkmated} 1-0

[Event "ICS rated blitz match"]
[Site "204.178.125.65"]
[Date "2000.11.06"]
[Round "?"]
[White "Hossa"]
[Black "Valg"]
[Result "0-1"]
[WhiteElo "2501"]
[BlackElo "2558"]
[PlyCount "150"]
[EventDate "2000.??.??"]

1. e4 e5 2. Nf3 Nf6 3. d4 Nxe4 4. Bd3 d5 5. Nxe5 Bd6 6. O-O O-O 7. c4 Bxe5 8.
dxe5 Nc6 9. cxd5 Qxd5 10. Qc2 Nb4 11. Bxe4 Nxc2 12. Bxd5 Bf5 13. g4 Bxg4 14.
Be4 Nxa1 15. Bf4 f5 16. Bd5+ Kh8 17. Rc1 c6 18. Bg2 Rfd8 19. Nd2 h6 20. h4 Rd3
21. Bf1 Rd4 22. Be3 Rd5 23. Rxa1 Rxe5 24. Nc4 Re6 25. f4 Kh7 26. Ne5 Rd6 27.
Kg2 a5 28. Kg3 Re8 29. Bc4 Bh5 30. Bb6 a4 31. Rh1 Rd2 32. Rb1 Bg6 33. Nf3 Rd6
34. Rg1 Re4 35. Ne5 Rd2 36. b4 Rc2 37. Be6 Rxb4 38. Nd7 Rc3+ 39. Kh2 Be8 40.
Bxf5+ Kh8 41. Nc5 g6 42. Rg2 Rc1 43. Bxg6 Bxg6 44. Nd7 Rc2 45. Rxc2 Bxc2 46.
Kg3 Bf5 47. Ba5 Rb1 48. Bc3+ Kh7 49. Nf6+ Kg6 50. Kf3 Rd1 51. Be5 Rd3+ 52. Kf2
Ra3 53. Ng8 Rxa2+ 54. Ke3 Bg4 55. Nf6 Re2+ 56. Kd3 Bf3 57. Nd7 a3 58. Kc4 a2
59. Bc3 Kf5 60. Kb4 Kxf4 61. Ka5 b5 62. Kb6 b4 63. Ba1 Re1 64. Bf6 b3 65. Kc7
Re2 66. Nc5 b2 67. Nd3+ Kf5 68. Bxb2 Rxb2 69. Nxb2 a1=Q 70. Nd3 Qa7+ 71. Kc8
Kf6 72. Nf2 Be2 73. Ne4+ Ke7 74. Nd6 Bg4+ 75. Nf5+ Bxf5# {Hossa checkmated} 0-1

[Event "ICS rated blitz match"]
[Site "204.178.125.65"]
[Date "2000.11.06"]
[Round "?"]
[White "Hossa"]
[Black "jonfrankle"]
[Result "1/2-1/2"]
[WhiteElo "2488"]
[BlackElo "2202"]
[PlyCount "132"]
[EventDate "2000.??.??"]

1. d4 d5 2. c4 e6 3. Nc3 Nf6 4. cxd5 exd5 5. Bg5 Be7 6. e3 O-O 7. Bd3 Re8 8.
Nf3 Nbd7 9. O-O Nf8 10. Ne5 c6 11. Qf3 Be6 12. Bf5 Qc8 13. Bxe6 Qxe6 14. Rfe1
N6d7 15. Nxd7 Nxd7 16. Bxe7 Rxe7 17. Qf4 Nf6 18. f3 Rae8 19. Rac1 Nh5 20. Qg5
Qg6 21. Qxg6 hxg6 22. Kf2 Nf6 23. h4 Kh7 24. g4 Nd7 25. e4 dxe4 26. Nxe4 Kg8
27. Nd6 Rxe1 28. Rxe1 Rxe1 29. Kxe1 c5 30. d5 b6 31. Nc8 a6 32. f4 Kf8 33. d6
Ke8 34. a4 b5 35. axb5 axb5 36. Na7 b4 37. Nc6 Nb6 38. Ne5 f6 39. Nd3 Kd7 40.
Nxc5+ Kxd6 41. Nd3 Kd5 42. f5 gxf5 43. gxf5 Ke4 44. Nxb4 Kxf5 45. Nc2 Kg4 46.
Ne3+ Kf4 47. Kf2 g6 48. b4 f5 49. b5 Nd7 50. Nd5+ Kg4 51. Ne7 Kxh4 52. Nxg6+
Kg4 53. Ke3 Kg5 54. Nf4 Nb6 55. Nd3 Kf6 56. Kd4 Kg5 57. Kc5 Na4+ 58. Kc4 f4 59.
Kb4 Nb6 60. Nf2 Kh4 61. Kc5 Na4+ 62. Kc4 Kg3 63. Nd1 f3 64. Kd5 f2 65. Nxf2
Kxf2 66. b6 Nxb6+ {Game drawn because neither player has mating material}
1/2-1/2

[Event "ICS rated blitz match"]
[Site "204.178.125.65"]
[Date "2000.11.06"]
[Round "?"]
[White "jonfrankle"]
[Black "Hossa"]
[Result "0-1"]
[WhiteElo "2213"]
[BlackElo "2477"]
[PlyCount "100"]
[EventDate "2000.??.??"]

1. d4 d5 2. f4 Nf6 3. Nf3 Bf5 4. e3 e6 5. Bd3 Ne4 6. O-O Nd7 7. Qe1 Be7 8. h3
h6 9. Kh2 c6 10. Qe2 Ndf6 11. c4 dxc4 12. Bxc4 Nh5 13. Rd1 Nhg3 14. Qe1 O-O 15.
Nc3 Qb6 16. Nxe4 Nxe4 17. g4 Bh7 18. Ne5 Bb4 19. Qh4 Qc7 20. Rg1 Be7 21. Qe1
Nd6 22. Bd3 Bxd3 23. Nxd3 Ne4 24. Qf1 Qd8 25. Qf3 Qd5 26. Qg2 Rfe8 27. Nf2 Nxf2
28. Qxf2 c5 29. Bd2 cxd4 30. exd4 Red8 31. Bc3 Rac8 32. a3 Bd6 33. Rae1 Qa2 34.
Rg2 Bxa3 35. f5 Bd6+ 36. Kh1 b5 37. Re2 b4 38. Be1 Qb3 39. Re3 Qd5 40. Rf3 Rc1
41. Rg1 e5 42. f6 gxf6 43. Qg2 exd4 44. Rxf6 Qxg2+ 45. Kxg2 Rb1 46. Rxh6 d3 47.
Bd2 Rxb2 48. Rd1 Bf4 49. Ra6 Rxd2+ 50. Rxd2 Bxd2 {jonfrankle resigns} 0-1

[Event "ICS rated blitz match"]
[Site "204.178.125.65"]
[Date "2000.11.06"]
[Round "?"]
[White "Valg"]
[Black "Hossa"]
[Result "1-0"]
[WhiteElo "2586"]
[BlackElo "2483"]
[PlyCount "107"]
[EventDate "2000.??.??"]

1. d4 Nf6 2. c4 c5 3. d5 e6 4. Nc3 exd5 5. cxd5 d6 6. e4 g6 7. f4 Bg7 8. Bb5+
Nfd7 9. a4 O-O 10. Nf3 Na6 11. O-O Nc7 12. Bc4 Re8 13. e5 dxe5 14. d6 Ne6 15.
Bxe6 fxe6 16. Nb5 exf4 17. Nc7 Rb8 18. Nxe8 Qxe8 19. Qe2 Nb6 20. Bxf4 Qd8 21.
Be5 Bf8 22. d7 Bxd7 23. Bxb8 Qxb8 24. a5 Nd5 25. Ne5 Qe8 26. Rf7 Bb5 27. Qe4
Be7 28. Re1 Bd8 29. Rxb7 Bxa5 30. Rd1 Bb6 31. Rxd5 c4+ 32. Kh1 Ba6 33. Rbd7 Bc8
34. Ng4 Bxd7 35. Nf6+ Kf7 36. Rxd7+ Qxd7 37. Nxd7 Ke7 38. Nxb6 axb6 39. Qb7+
Kf6 40. Qxb6 h5 41. Qd4+ e5 42. Qxc4 g5 43. Qc6+ Kf5 44. b4 g4 45. b5 e4 46.
Qd5+ Kf6 47. Qxe4 h4 48. b6 g3 49. Qxh4+ Ke5 50. b7 Kd5 51. b8=Q Ke6 52. Qe4+
Kf6 53. Qh8+ Kf7 54. Qee8# {Hossa checkmated} 1-0

[Event "ICS rated blitz match"]
[Site "204.178.125.65"]
[Date "2000.11.06"]
[Round "?"]
[White "Hossa"]
[Black "Trakk"]
[Result "1-0"]
[WhiteElo "2472"]
[BlackElo "1152"]
[PlyCount "41"]
[EventDate "2000.??.??"]

1. e4 e5 2. Nf3 Nc6 3. Bb5 a6 4. Ba4 Nf6 5. O-O Bc5 6. c3 b5 7. Bc2 O-O 8. d4
exd4 9. e5 Nd5 10. cxd4 Bb6 11. Be4 Nce7 12. Qd3 g6 13. Bh6 Re8 14. Nc3 Bb7 15.
Ng5 d6 16. Qf3 f5 17. Nxd5 Nxd5 18. Bxd5+ Bxd5 19. Qxd5+ Kh8 20. Qf7 Rg8 21.
Qxh7# {Trakk checkmated} 1-0

[Event "ICS rated blitz match"]
[Site "204.178.125.65"]
[Date "2000.11.06"]
[Round "?"]
[White "carpante"]
[Black "Hossa"]
[Result "0-1"]
[WhiteElo "2395"]
[BlackElo "2472"]
[PlyCount "56"]
[EventDate "2000.??.??"]

1. d4 Nf6 2. Nf3 g6 3. Bg5 Bg7 4. e3 O-O 5. Bd3 d6 6. Nbd2 Nc6 7. c3 h6 8. Bh4
a6 9. Qc2 e5 10. Ne4 exd4 11. Nxf6+ Bxf6 12. Bxg6 Bxh4 13. Bh7+ Kg7 14. Qe4
Bxf2+ 15. Kxf2 f5 16. Qd5 dxe3+ 17. Ke2 Qe7 18. Nd4 Nxd4+ 19. Qxd4+ Kxh7 20.
Rhf1 Qg5 21. g3 Qh5+ 22. Kd3 Re8 23. Rf4 Qxh2 24. Qf6 Qd2+ 25. Kc4 Be6+ 26. Kb4
Qxb2+ 27. Ka4 Bd7+ 28. Ka5 Qb5# {carpante checkmated} 0-1

[Event "ICS rated blitz match"]
[Site "204.178.125.65"]
[Date "2000.11.06"]
[Round "?"]
[White "Tweergj"]
[Black "Hossa"]
[Result "0-1"]
[WhiteElo "1452"]
[BlackElo "2485"]
[PlyCount "46"]
[EventDate "2000.??.??"]

1. e4 c5 2. Nf3 d6 3. Bc4 Nf6 4. d4 Nxe4 5. dxc5 Qa5+ 6. c3 e6 7. O-O Qxc5 8.
Nbd2 Nxd2 9. Nxd2 Be7 10. Qg4 O-O 11. Bd3 e5 12. Bxh7+ Kxh7 13. Qg3 Bf5 14. Nf3
Kg8 15. Bh6 Bf6 16. Nh4 Be6 17. Kh1 e4 18. Rfe1 Qh5 19. Rxe4 Qxh6 20. Rae1 Nc6
21. f4 Bxh4 22. Qe3 Bxe1 23. Qxe1 Rfe8 {Tweergj resigns} 0-1

[Event "ICS rated blitz match"]
[Site "204.178.125.65"]
[Date "2000.11.06"]
[Round "?"]
[White "Hossa"]
[Black "Tweergj"]
[Result "1-0"]
[WhiteElo "2485"]
[BlackElo "1452"]
[PlyCount "47"]
[EventDate "2000.??.??"]

1. e4 c5 2. Nf3 Nc6 3. d4 e6 4. d5 Nb4 5. c3 Na6 6. e5 exd5 7. Bxa6 bxa6 8.
Qxd5 Rb8 9. O-O Ne7 10. Qxc5 Nf5 11. Qxa7 Bb7 12. Nd4 Nxd4 13. Qxd4 Be7 14. b3
O-O 15. Rd1 Bc6 16. Ba3 Bxa3 17. Nxa3 Qe7 18. Nc4 Qg5 19. Ne3 Rb7 20. Nd5 f6
21. Ne7+ Kh8 22. Nxc6 dxc6 23. Qd6 fxe5 24. Qxf8# {Tweergj checkmated} 1-0

[Event "ICS rated blitz match"]
[Site "204.178.125.65"]
[Date "2000.11.06"]
[Round "?"]
[White "AbitRusty"]
[Black "Hossa"]
[Result "0-1"]
[WhiteElo "1761"]
[BlackElo "2485"]
[PlyCount "26"]
[EventDate "2000.??.??"]

1. e4 c5 2. Nf3 d6 3. Bc4 Nc6 4. O-O Nf6 5. Re1 Bg4 6. c3 Qd7 7. d4 Bxf3 8.
gxf3 O-O-O 9. dxc5 Ne5 10. Qe2 Qh3 11. Bf4 Nxf3+ 12. Kh1 Nxe1 13. Qxe1 Qf3+ {
AbitRusty resigns} 0-1

[Event "ICS rated blitz match"]
[Site "204.178.125.65"]
[Date "2000.11.06"]
[Round "?"]
[White "Hossa"]
[Black "CUCO"]
[Result "1-0"]
[WhiteElo "2485"]
[BlackElo "2104"]
[PlyCount "77"]
[EventDate "2000.??.??"]

1. e4 c5 2. Nf3 Nc6 3. d4 cxd4 4. Nxd4 Nf6 5. Nc3 e5 6. Ndb5 d6 7. Bg5 a6 8.
Na3 b5 9. Bxf6 gxf6 10. Nd5 f5 11. c3 Bg7 12. exf5 Bxf5 13. Nc2 O-O 14. Nce3
Be6 15. Bd3 f5 16. O-O Ra7 17. Qh5 Raf7 18. Bc2 e4 19. Nf4 Bc4 20. Nxc4 bxc4
21. Ne6 Qf6 22. Ng5 Bh8 23. Nxf7 Rxf7 24. f3 e3 25. Rfe1 f4 26. Bxh7+ Rxh7 27.
Qe8+ Qf8 28. Qxc6 Be5 29. Qxc4+ Kh8 30. Qxa6 Qh6 31. Qc8+ Kg7 32. h3 Kf6 33.
Qd8+ Kf7 34. Red1 Rh8 35. Qd7+ Kf8 36. Rd5 Qh4 37. Ra5 Qf2+ 38. Kh1 Rxh3+ 39.
Qxh3 {CUCO resigns} 1-0

[Event "ICS rated blitz match"]
[Site "204.178.125.65"]
[Date "2000.11.06"]
[Round "?"]
[White "Tweergj"]
[Black "Hossa"]
[Result "0-1"]
[WhiteElo "1443"]
[BlackElo "2488"]
[PlyCount "48"]
[EventDate "2000.??.??"]

1. e4 c5 2. Nf3 d6 3. Bc4 Nf6 4. d4 Nxe4 5. Qd3 d5 6. Bb5+ Nc6 7. dxc5 Nxc5 8.
Bxc6+ bxc6 9. Qd4 e6 10. O-O f6 11. Be3 e5 12. Qh4 Bf5 13. b4 Ne4 14. a3 h5 15.
g4 Bxg4 16. Kg2 g5 17. Nxg5 fxg5 18. Bxg5 Qxg5 19. Qxg5 Nxg5 20. Nd2 Bh3+ 21.
Kg1 Rg8 22. Kh1 Ne4 23. Nxe4 Bg2+ 24. Kg1 Bxe4# {Tweergj checkmated} 0-1

[Event "ICS rated blitz match"]
[Site "204.178.125.65"]
[Date "2000.11.06"]
[Round "?"]
[White "Hossa"]
[Black "Colorado"]
[Result "0-1"]
[WhiteElo "2488"]
[BlackElo "2678"]
[PlyCount "156"]
[EventDate "2000.??.??"]

1. e4 d5 2. exd5 Qxd5 3. Nc3 Qa5 4. d4 Nf6 5. Nf3 c6 6. Bc4 Bf5 7. Bd2 Qd8 8.
O-O e6 9. Bf4 Bd6 10. Ne5 O-O 11. Bd3 Bxd3 12. Qxd3 Nd5 13. Nxd5 cxd5 14. Qg3
Qf6 15. Qe3 Nc6 16. g3 Bxe5 17. Bxe5 Nxe5 18. Qxe5 Qxe5 19. dxe5 f6 20. f4 Rac8
21. c3 fxe5 22. fxe5 Rc4 23. Rxf8+ Kxf8 24. Kf2 Rg4 25. Re1 Rg5 26. Re2 Ke7 27.
Ke1 Rf5 28. Kd2 Rf3 29. Re3 Rf5 30. Re2 Rf3 31. Re3 Rf2+ 32. Re2 Rf1 33. Ke3 b6
34. Rf2 Re1+ 35. Re2 Rc1 36. a3 a5 37. h4 Rd1 38. Rd2 Re1+ 39. Re2 Ra1 40. Kf3
b5 41. Kg2 a4 42. Kf3 h6 43. Kf2 Kd7 44. Re1 Rxe1 45. Kxe1 Kc6 46. Ke2 Kc5 47.
h5 Kc4 48. Kd2 d4 49. Kc2 d3+ 50. Kd2 Kb3 51. Kxd3 Kxb2 52. c4 b4 53. c5 bxa3
54. c6 a2 55. c7 a1=Q 56. c8=Q Qd1+ 57. Ke3 Qc1+ 58. Qxc1+ Kxc1 59. Kd4 a3 60.
Kc5 a2 61. Kd6 a1=Q 62. Kxe6 Kd2 63. Kf5 Qb1+ 64. Ke6 Qe4 65. Kd6 Qd3+ 66. Ke7
Qxg3 67. e6 Qe5 68. Kd8 Qxe6 69. Kc7 Qd5 70. Kb6 Qxh5 71. Kc6 Qe8+ 72. Kd5 g5
73. Kd6 g4 74. Kc7 g3 75. Kd6 g2 76. Kd5 g1=Q 77. Kc4 Qb6 78. Kd5 Qee6# {
Hossa checkmated} 0-1

[Event "ICS rated blitz match"]
[Site "204.178.125.65"]
[Date "2000.11.06"]
[Round "?"]
[White "Hossa"]
[Black "AvernoX"]
[Result "1-0"]
[WhiteElo "2480"]
[BlackElo "2175"]
[PlyCount "44"]
[EventDate "2000.??.??"]

1. e4 g6 2. d4 c6 3. Nc3 d5 4. Nf3 Bg7 5. Bd3 dxe4 6. Nxe4 Bxd4 7. Nxd4 Qxd4 8.
Bd2 e5 9. Bc3 Qd5 10. Qe2 f6 11. Bc4 Qd8 12. Rd1 Qc7 13. Bxg8 Rxg8 14. Nxf6+
Kf7 15. Nxg8 Kxg8 16. Qc4+ Kg7 17. Qc5 Nd7 18. Qe7+ Kg8 19. f4 Qb6 20. Bxe5
Nxe5 21. Rd8+ Qxd8 22. Qxd8+ Kf7 {AvernoX resigns} 1-0